Psychology for teaching : a bear never faces the front (Record no. 1383)
| 000 -LEADER | |
|---|---|
| fixed length control field | 00831nam a22002297a 4500 |
| 003 - CONTROL NUMBER IDENTIFIER | |
| control field | OSt |
| 005 - DATE AND TIME OF LATEST TRANSACTION | |
| control field | 20140924111217.0 |
| 008 - FIXED-LENGTH DATA ELEMENTS--GENERAL INFORMATION | |
| fixed length control field | 140924b xxu||||| |||| 00| 0 eng d |
| 020 ## - INTERNATIONAL STANDARD BOOK NUMBER | |
| International Standard Book Number | 0534044646 |
| 050 ## - LIBRARY OF CONGRESS CALL NUMBER | |
| Classification number | LB1051 .L568 1985 |
| 100 ## - MAIN ENTRY--PERSONAL NAME | |
| Personal name | Lefrançois, Guy R. |
| 245 ## - TITLE STATEMENT | |
| Title | Psychology for teaching : a bear never faces the front |
| Statement of responsibility, etc | Guy R. Lefrançois. |
| 250 ## - EDITION STATEMENT | |
| Edition statement | 5th ed. |
| 260 ## - PUBLICATION, DISTRIBUTION, ETC. (IMPRINT) | |
| Place of publication, distribution, etc | Belmont, Calif. |
| Name of publisher, distributor, etc | Wadsworth Pub. Co |
| Date of publication, distribution, etc | 1985 |
| 300 ## - PHYSICAL DESCRIPTION | |
| Extent | x, 434 p. |
| Other physical details | ill. |
| Dimensions | 24 cm. |
| 500 ## - GENERAL NOTE | |
| General note | The word "never" in the subtitle is preceded by the words "always," "usually," "sometimes," and "rarely," all of which are crossed out. |
| 504 ## - BIBLIOGRAPHY, ETC. NOTE | |
| Bibliography, etc | Includes index.<br/>Bibliography: p. 401-423. |
| 650 ## - SUBJECT ADDED ENTRY--TOPICAL TERM | |
| Topical term or geographic name as entry element | Educational psychology. |
| 650 ## - SUBJECT ADDED ENTRY--TOPICAL TERM | |
| Topical term or geographic name as entry element | Teaching--Psychological aspects. |
| 650 ## - SUBJECT ADDED ENTRY--TOPICAL TERM | |
| Topical term or geographic name as entry element | Learning, Psychology of. |
| 942 ## - ADDED ENTRY ELEMENTS (KOHA) | |
| Source of classification or shelving scheme | |
| Koha item type | Book |
| Withdrawn status | Lost status | Source of classification or shelving scheme | Damaged status | Not for loan | Home library | Current library | Shelving location | Date acquired | Total Checkouts | Full call number | Barcode | Date last seen | Date checked out | Copy number | Price effective from | Koha item type |
|---|---|---|---|---|---|---|---|---|---|---|---|---|---|---|---|---|
| Riara University Library | Riara University Library | General stack | 24/09/2014 | 3 | LB1051 .L568 1985 | 4952/14 | 12/04/2016 | 12/04/2016 | C.1 | 24/09/2014 | Book | |||||
| Riara University Library | Riara University Library | General stack | 24/09/2014 | 1 | LB1051 .L568 1985 | 4953/14 | 11/03/2015 | 02/03/2015 | C.2 | 24/09/2014 | Book | |||||
| Riara University Library | Riara University Library | General stack | 24/09/2014 | 1 | LB1051 .L568 1985 | 4954/14 | 09/03/2016 | 03/03/2016 | C.3 | 24/09/2014 | Book |
